Tous les scores de l'équipe de france de foot à la cdm 2018. - Statistiques

Statistiques générales
  • Ce quiz a été pris 3 784 fois
  • Le résultat moyen est 7 sur 7
Statistiques - réponses
Match: Réponse % Correct
France-Belgique 1-0
98%
France-Croatie 4-2
98%
France-Argentine 4-3
98%
France-Uruguay 2-0
96%
France-Australie 2-1
96%
France-Pérou 1-0
95%
France-Danemark 0-0
90%
Aucun quiz correspondant
Distribution des résultats
% des personnes avec chaque résultat
Percentile par nombre de réponses
Votre historique - résultats
Vous n’avez pas pris ce quiz